000 00541nam a22001697a 4500
005 20231124120952.0
008 231124b |||||||| |||| 00| 0 eng d
020 _a040906064 X ; 0409060658
041 _aAfrikaans
082 _a340.5 VAN
100 _aVan Zyl, DH
_lAfrikaans
245 _aGeskiedenis van die Romens-Hollandse Reg /
_cDH Van Zyl
260 _aDurban :
_bButterworth en Kie (SA) (Edms) Bpk,
_c1979
300 _b572 pages ;
_c26 cm.
650 _aLegal practice
_bLaw
942 _cBK
_6ALISON_BN_VRIES
999 _c942
_d942